[Event "Brasileiro de Jovens 2012 - Absoluto"]
[Site "Sao Paulo"]
[Date "2012.02.19"]
[Round "3.17"]
[White "Goncalves, Leonardo Yamamoto P"]
[Black "Ferreira, Marcone Fiuza"]
[Result "1-0"]
[WhiteElo "1821"]
[BlackElo "1927"]
[PlyCount "101"]
[EventDate "2012.02.18"]

1. d3 c5 2. e4 Nc6 3. Nd2 e6 4. Ngf3 d5 5. c3 Nf6 6. Be2 Qc7 7. O-O Bd6 8. h3
O-O 9. a3 a5 10. a4 Rd8 11. Qc2 b6 12. Nb1 h6 13. Na3 Ba6 14. Re1 Nh5 15. Bf1
dxe4 16. dxe4 Bxf1 17. Kxf1 Bf4 18. Nb5 Qb8 19. Bxf4 Nxf4 20. Rad1 Qb7 21. Nd6
Qa6+ 22. Kg1 Ra7 23. Nb5 Rad7 24. Rxd7 Rxd7 25. Rd1 Qc8 26. Rxd7 Qxd7 27. Qd2
Qxd2 28. Nxd2 Ne5 29. Nd6 Ned3 30. N2c4 Ne2+ 31. Kf1 Nec1 32. Nc8 Nb3 33. N8xb6
g5 34. g3 Kg7 35. Ke2 Ndc1+ 36. Kd1 f5 37. exf5 exf5 38. Kc2 Kf6 39. Nxa5 Nxa5
40. Kxc1 Ke5 41. Nd7+ Ke4 42. Nxc5+ Kf3 43. Nd3 h5 44. b4 Nc4 45. a5 h4 46.
gxh4 gxh4 47. a6 Kg2 48. Nf4+ Kxf2 49. Nd3+ Kg3 50. a7 Kxh3 51. a8=Q 1-0

[Event "Brasileiro de Jovens 2012 - Absoluto"]
[Site "Sao Paulo"]
[Date "2012.02.19"]
[Round "3.19"]
[White "Dos Santos, Lucas Aparecido"]
[Black "De Assis, Henrique Zerbini J"]
[Result "1-0"]
[WhiteElo "1983"]
[BlackElo "1735"]
[PlyCount "35"]
[EventDate "2012.02.18"]

1. e4 c5 2. Nf3 d6 3. d4 cxd4 4. Nxd4 Nf6 5. Nc3 a6 6. Bc4 e6 7. Bb3 Be7 8. g4
d5 9. exd5 Nxd5 10. Nxd5 exd5 11. Be3 Nc6 12. Qe2 O-O 13. O-O-O Bf6 14. Rhg1
Re8 15. Qd2 Bxd4 16. Bxd4 Nxd4 17. Qxd4 Re4 18. Qxe4 1-0

[Event "Brasileiro de Jovens 2012 - Absoluto"]
[Site "Sao Paulo"]
[Date "2012.02.19"]
[Round "3.20"]
[White "Evangelista Jr, Ademar Pereira"]
[Black "Correia, Vitor Paie"]
[Result "1-0"]
[WhiteElo "1921"]
[BlackElo "1504"]
[PlyCount "127"]
[EventDate "2012.02.18"]

1. e4 c5 2. Nf3 Nc6 3. d4 cxd4 4. Nxd4 d6 5. Nc3 Nf6 6. Be2 e6 7. O-O Be7 8.
Be3 O-O 9. Nb3 b6 10. f4 Bb7 11. Bf3 Rc8 12. Qe1 Nb4 13. Rf2 Rc4 14. a3 Na6 15.
e5 Bxf3 16. exf6 Bxf6 17. Rxf3 Qc7 18. Bd2 Nc5 19. Nxc5 Qxc5+ 20. Kh1 Qf5 21.
Re3 Bxc3 22. Rxc3 Rxc3 23. Bxc3 Qxf4 24. Rd1 h6 25. Rd4 Qf5 26. Rxd6 Qxc2 27.
h3 Rc8 28. Qe5 Qb1+ 29. Kh2 Qg6 30. Rd4 Rc5 31. Qb8+ Kh7 32. Rd8 Qf5 33. Rh8+
Kg6 34. Qg3+ Qg5 35. Qxg5+ Rxg5 36. Ra8 a5 37. Ra6 Rb5 38. Bd4 Kf5 39. Rxb6
Rxb6 40. Bxb6 a4 41. Kg3 Ke4 42. Bc5 g6 43. Kf2 h5 44. Be7 Kf5 45. Kf3 e5 46.
g4+ hxg4+ 47. hxg4+ Ke6 48. Bd8 Kd5 49. Bf6 Ke6 50. g5 Kd6 51. Ke4 Ke6 52. Bxe5
Kd7 53. Kd5 Ke7 54. Bf6+ Kd7 55. Kc5 Kc7 56. Kb5 Kb7 57. Kxa4 Kc6 58. b4 Kb6
59. b5 Kb7 60. Kb4 Kb6 61. a4 Ka7 62. Kc5 Kb7 63. a5 Ka7 64. b6+ 1-0

[Event "Brasileiro de Jovens 2012 - Absoluto"]
[Site "Sao Paulo"]
[Date "2012.02.20"]
[Round "4.1"]
[White "Bueno, Alfeu Junior Varela"]
[Black "Devescovi Parreira, Pedro Paulo"]
[Result "0-1"]
[WhiteElo "2305"]
[BlackElo "2008"]
[PlyCount "82"]
[EventDate "2012.02.18"]

1. e4 c5 2. Nc3 Nc6 3. f4 g6 4. Nf3 Bg7 5. Bb5 Nd4 6. Bd3 d6 7. Nxd4 cxd4 8.
Ne2 Nf6 9. O-O O-O 10. c3 dxc3 11. bxc3 b5 12. Bc2 Bb7 13. Ng3 h5 14. Re1 e5
15. d4 Qb6 16. fxe5 dxe5 17. Ba3 exd4 18. Qxd4 Qxd4+ 19. cxd4 Rfc8 20. Rac1 Bh6
21. Bb3 Bxc1 22. Bxc1 Nxe4 23. Nxe4 Bxe4 24. Bf4 Re8 25. d5 Kg7 26. Kf2 Bf5 27.
Rd1 Rac8 28. Rd2 a5 29. Be3 f6 30. d6 Bd7 31. Bd5 Re5 32. Bf3 g5 33. g3 Rf5 34.
Ke2 Rc3 35. Be4 Re5 36. Bd3 Bg4+ 37. Kf2 Rd5 38. Bxb5 Rxb5 39. d7 Bxd7 40.
Rxd7+ Kg6 41. Rd2 Rf5+ 0-1

[Event "Brasileiro de Jovens 2012 - Absoluto"]
[Site "Sao Paulo"]
[Date "2012.02.20"]
[Round "4.2"]
[White "Barbosa, Fernando"]
[Black "Quintiliano Pinto, Renato R"]
[Result "0-1"]
[WhiteElo "2086"]
[BlackElo "2263"]
[PlyCount "78"]
[EventDate "2012.02.18"]

1. e4 c5 2. Nf3 d6 3. d3 Nc6 4. g3 g6 5. Bg2 Bg7 6. O-O e5 7. Nc3 Nge7 8. Be3
h6 9. Qd2 Be6 10. Rfe1 Qd7 11. Ne2 b6 12. c4 Bh3 13. Bh1 Nd4 14. b4 Bg4 15.
Bxd4 cxd4 16. b5 O-O 17. Reb1 f5 18. Ne1 Rac8 19. a4 fxe4 20. Bxe4 d5 21. cxd5
Nxd5 22. f3 Bf5 23. Bxd5+ Qxd5 24. Qa2 Be6 25. Qxd5 Bxd5 26. Kg2 Rc7 27. a5 Rf6
28. g4 Rcf7 29. axb6 axb6 30. Ng1 h5 31. h3 Bh6 32. Ra6 Bb7 33. Ra2 Be3 34. Re2
hxg4 35. hxg4 Rf4 36. Nh3 Rxg4+ 37. Kh2 Bxf3 38. Nxf3 Rxf3 39. Rg2 Rh4 0-1

[Event "Brasileiro de Jovens 2012 - Absoluto"]
[Site "Sao Paulo"]
[Date "2012.02.20"]
[Round "4.3"]
[White "Rodrigues, Tiago Pereira"]
[Black "Bufalo, Alexander Davidson"]
[Result "1-0"]
[WhiteElo "2119"]
[BlackElo "1752"]
[PlyCount "36"]
[EventDate "2012.02.18"]

1. d4 d5 2. c4 c6 3. e3 Nf6 4. Nf3 e6 5. b3 Be7 6. Bd3 Nbd7 7. Nc3 c5 8. O-O
O-O 9. Bb2 cxd4 10. exd4 Re8 11. Qe2 Nb8 12. Rad1 Nc6 13. Bb1 Bf8 14. Rfe1 a6
15. Ne5 Bd7 16. Qf3 dxc4 17. bxc4 Qc7 18. Ne4 Nxe4 1-0

[Event "Brasileiro de Jovens 2012 - Absoluto"]
[Site "Sao Paulo"]
[Date "2012.02.20"]
[Round "4.4"]
[White "Mendonca, Mateus Nakajo"]
[Black "Abdalla, Jose Lucas Aurelli"]
[Result "1-0"]
[WhiteElo "2158"]
[BlackElo "2050"]
[PlyCount "67"]
[EventDate "2012.02.18"]

1. Nf3 c5 2. c4 Nf6 3. Nc3 g6 4. d4 cxd4 5. Nxd4 Nc6 6. g3 Nxd4 7. Qxd4 Bg7 8.
Bg2 O-O 9. O-O d6 10. b3 Nd7 11. Qd2 Nc5 12. Bb2 a5 13. Nd5 Bxb2 14. Qxb2 Bd7
15. Rfd1 Bc6 16. h4 h5 17. Qd2 Kg7 18. Qd4+ Kh7 19. Qe3 Bxd5 20. Rxd5 Rb8 21.
Rad1 Qc7 22. Bf3 f5 23. a3 Rbd8 24. b4 axb4 25. axb4 Na6 26. Rb5 Rb8 27. c5
dxc5 28. bxc5 f4 29. gxf4 Rxf4 30. Rdb1 Rbf8 31. Rxb7 Qxc5 32. Rxe7+ Kh6 33.
Rbb7 g5 34. Qe6+ 1-0

[Event "Brasileiro de Jovens 2012 - Absoluto"]
[Site "Sao Paulo"]
[Date "2012.02.20"]
[Round "4.5"]
[White "Cruz, William Ferreira Da"]
[Black "Gotz, Klaus Seiji Furucho"]
[Result "1-0"]
[WhiteElo "2152"]
[BlackElo "1929"]
[PlyCount "101"]
[EventDate "2012.02.18"]

1. d4 Nf6 2. c4 g6 3. Nc3 Bg7 4. e4 d6 5. Be2 O-O 6. Nf3 e5 7. O-O Nc6 8. d5
Ne7 9. b4 Nh5 10. Re1 f5 11. Ng5 Nf4 12. Bf3 h6 13. Ne6 Nxe6 14. dxe6 Bxe6 15.
exf5 gxf5 16. Bxb7 Rb8 17. Bd5 Nxd5 18. cxd5 Bf7 19. Rb1 Qh4 20. b5 Bh5 21. Qd2
Rf6 22. f4 Rg6 23. Qf2 Qxf2+ 24. Kxf2 exf4 25. Ne2 Bxe2 26. Rxe2 Be5 27. Kf3
Rg4 28. Rc2 Rb7 29. Bd2 Kf8 30. a4 Ke8 31. Rb4 Rg6 32. Rbc4 Kd8 33. Bxf4 Bxf4
34. Rxf4 Rf6 35. Ke3 Rb6 36. g4 a6 37. bxa6 Rxa6 38. gxf5 Ra5 39. Rd2 Kd7 40.
Kf3 h5 41. Kg3 c6 42. Kh4 cxd5 43. Kxh5 Ke7 44. Rb2 Ra7 45. Kg5 Kf7 46. Rfb4
Kg7 47. Rb7+ Rf7 48. f6+ Kg8 49. Rxa7 Rxa7 50. Kg6 Ra8 51. a5 1-0

[Event "Brasileiro de Jovens 2012 - Absoluto"]
[Site "Sao Paulo"]
[Date "2012.02.20"]
[Round "4.6"]
[White "Pereira, Amanda Marques"]
[Black "Mandetta, Joao Danilo"]
[Result "1-0"]
[WhiteElo "1981"]
[BlackElo "2141"]
[PlyCount "71"]
[EventDate "2012.02.18"]

1. e4 c5 2. Nf3 e6 3. d4 cxd4 4. Nxd4 Nc6 5. Nc3 d6 6. Be3 Nf6 7. f3 Be7 8. Qd2
a6 9. O-O-O O-O 10. g4 Nxd4 11. Bxd4 b5 12. g5 Nd7 13. h4 Qa5 14. Kb1 b4 15.
Ne2 e5 16. Be3 Nc5 17. Bh3 Be6 18. Nc1 Rab8 19. Nb3 Nxb3 20. axb3 Qb5 21. h5 a5
22. g6 Bxh3 23. Rxh3 a4 24. h6 hxg6 25. hxg7 Rfc8 26. Qh2 axb3 27. Rh8+ Kxg7
28. Qh6+ Kf6 29. Bg5+ Ke6 30. Qh3+ f5 31. exf5+ Kd7 32. f6+ Kc7 33. Rxc8+ Rxc8
34. cxb3 Kb7 35. fxe7 Qe2 36. Qxc8+ 1-0

[Event "Brasileiro de Jovens 2012 - Absoluto"]
[Site "Sao Paulo"]
[Date "2012.02.20"]
[Round "4.7"]
[White "Cirilo, Guilherme De Araujo"]
[Black "Pirola, Claudionor Alcides"]
[Result "0-1"]
[WhiteElo "1920"]
[BlackElo "2101"]
[PlyCount "52"]
[EventDate "2012.02.18"]

1. d4 d5 2. c4 e6 3. cxd5 exd5 4. Nc3 c6 5. Qc2 Nf6 6. Bg5 Be7 7. e3 Nbd7 8.
Bd3 O-O 9. Nf3 Re8 10. O-O Nf8 11. Rab1 a5 12. a3 Ng6 13. b4 axb4 14. axb4 Bd6
15. b5 h6 16. Bxf6 Qxf6 17. e4 Nf4 18. e5 Qe6 19. Ne1 Bf8 20. Ne2 Nxd3 21. Qxd3
c5 22. Nf4 Qg4 23. Nxd5 Bf5 24. Qf3 Qxf3 25. Nxf3 Bxb1 26. Rxb1 Rad8 0-1

[Event "Brasileiro de Jovens 2012 - Absoluto"]
[Site "Sao Paulo"]
[Date "2012.02.20"]
[Round "4.8"]
[White "Araujo, Renan Aparecido"]
[Black "Alvarenga De Carvalho, Miguel A"]
[Result "0-1"]
[WhiteElo "1918"]
[BlackElo "2062"]
[PlyCount "54"]
[EventDate "2012.02.18"]

1. Nf3 d5 2. d4 e6 3. c4 c6 4. Nc3 dxc4 5. e4 b5 6. a4 Bb4 7. Bd2 a5 8. axb5
Bxc3 9. Bxc3 cxb5 10. d5 Nf6 11. Bxf6 gxf6 12. b3 exd5 13. Qxd5 Qxd5 14. exd5
Nd7 15. bxc4 b4 16. Nd4 Nc5 17. Be2 Bd7 18. Nb5 Bxb5 19. cxb5 Kd7 20. O-O Kd6
21. Rfc1 Rhc8 22. Bg4 Rcb8 23. Rxc5 Kxc5 24. Rc1+ Kxd5 25. Bf3+ Kd4 26. Bxa8
Rxa8 27. b6 b3 0-1

[Event "Brasileiro de Jovens 2012 - Absoluto"]
[Site "Sao Paulo"]
[Date "2012.02.20"]
[Round "4.9"]
[White "Roverso, Leandro"]
[Black "Carvalho, Rafael Cunha De"]
[Result "0-1"]
[WhiteElo "1913"]
[BlackElo "2053"]
[PlyCount "54"]
[EventDate "2012.02.18"]

1. d4 Nf6 2. Nf3 d5 3. c4 c6 4. Nc3 g6 5. Bf4 Qb6 6. Qc1 dxc4 7. e4 Bg7 8. Bxc4
O-O 9. h3 Qa5 10. O-O Nbd7 11. a3 Nh5 12. Be3 e5 13. b4 Qc7 14. d5 Nb6 15. Ba2
Nf4 16. Nb5 Qe7 17. Bc5 Qf6 18. Bxf8 Bxf8 19. Nc7 Ne2+ 20. Kh1 Nxc1 21. Nxa8
Nxa2 22. Nxb6 axb6 23. Rxa2 Bxh3 24. Kh2 Bg4 25. Nd2 Bh6 26. Nc4 cxd5 27. exd5
Qf4+ 0-1

[Event "Brasileiro de Jovens 2012 - Absoluto"]
[Site "Sao Paulo"]
[Date "2012.02.20"]
[Round "4.10"]
[White "Vizzotto, Bernardo"]
[Black "Pinto, Rendrex Lopes"]
[Result "1-0"]
[WhiteElo "1991"]
[BlackElo "1890"]
[PlyCount "117"]
[EventDate "2012.02.18"]

1. d4 Nf6 2. Nf3 c5 3. e3 cxd4 4. exd4 g6 5. c4 Bg7 6. Nc3 d6 7. Bd3 O-O 8. O-O
Nbd7 9. Re1 Re8 10. Bf4 b6 11. Rc1 Bb7 12. d5 Nh5 13. Bg5 Ne5 14. Nxe5 dxe5 15.
Qd2 Qb8 16. Bf1 Nf6 17. Bxf6 Bxf6 18. b4 Rd8 19. Qe3 Qc8 20. Red1 Qg4 21. Ne4
b5 22. Be2 Qf5 23. g4 Qd7 24. Nc5 Qc8 25. Nxb7 Qxb7 26. c5 a6 27. Bf3 Rac8 28.
g5 Bg7 29. d6 Qa7 30. c6 Qxe3 31. fxe3 exd6 32. c7 Rd7 33. Bg4 Rcxc7 34. Bxd7
Rxd7 35. Rc8+ Bf8 36. Ra8 d5 37. Rc1 f6 38. Rcc8 Rf7 39. Rxa6 fxg5 40. Rd6 Kg7
41. Rxd5 Bxb4 42. Rxb5 Bd2 43. Rxe5 h5 44. Rce8 g4 45. a4 Bb4 46. Rb5 Bd2 47.
Rd5 Be1 48. Rde5 Bb4 49. Ra8 Kf6 50. Re4 Bd6 51. Rd4 Be5 52. Rc4 g5 53. a5 Ke6
54. Rb4 Kd5 55. a6 Kc5 56. Rb7 Bxh2+ 57. Kxh2 Rf2+ 58. Kg1 g3 59. Rh8 1-0

[Event "Brasileiro de Jovens 2012 - Absoluto"]
[Site "Sao Paulo"]
[Date "2012.02.20"]
[Round "4.11"]
[White "Feliciano Ebert, Vanessa"]
[Black "Goncalves, Leonardo Yamamoto P"]
[Result "1-0"]
[WhiteElo "2194"]
[BlackElo "1821"]
[PlyCount "143"]
[EventDate "2012.02.18"]

1. e4 c5 2. Nf3 g6 3. d4 cxd4 4. Nxd4 Nc6 5. c4 Nf6 6. Nc3 Nxd4 7. Qxd4 d6 8.
Be3 Bg7 9. f3 O-O 10. Qd2 Be6 11. Rc1 Qa5 12. b3 Rac8 13. Bd3 a6 14. O-O Nd7
15. Nd5 Qd8 16. f4 Bxd5 17. exd5 f5 18. Rfe1 Nf6 19. Bd4 Ng4 20. Bxg7 Kxg7 21.
Qc3+ Kg8 22. Qd4 Re8 23. b4 b6 24. Rc2 Nf6 25. Rce2 Qc7 26. h3 Rb8 27. a3 a5
28. g4 Qd7 29. Re6 axb4 30. axb4 Kf7 31. gxf5 Qa4 32. fxg6+ hxg6 33. Bxg6+ Kxg6
34. Qe4+ Kh6 35. f5 Rg8+ 36. Kh1 Kh5 37. Qe2+ Kh4 38. Rf1 Rg3 39. Re3 Rbg8 40.
Rf4+ R8g4 41. hxg4 Qa1+ 42. Rf1 Qxf1+ 43. Qxf1 Rxe3 44. Qf2+ Rg3 45. g5 Ne4 46.
Qd4 Rg4 47. Kh2 Kxg5 48. Qg7+ Kxf5 49. Qf7+ Ke5 50. Qe6+ Kf4 51. Qxe7 Kf3 52.
Qf8+ Rf4 53. Qh6 Nf6 54. Qh3+ Ke2 55. Qb3 Ng4+ 56. Kg3 Rd4 57. Qf3+ Kd2 58.
Qxg4 Rxg4+ 59. Kxg4 Kd3 60. c5 bxc5 61. bxc5 dxc5 62. d6 c4 63. d7 c3 64. d8=Q+
Kc2 65. Qc7 Kd2 66. Qh2+ Kc1 67. Qa2 c2 68. Kf3 Kd1 69. Kf2 Kd2 70. Qd5+ Kc1
71. Ke2 Kb1 72. Qb7+ 1-0

[Event "Brasileiro de Jovens 2012 - Absoluto"]
[Site "Sao Paulo"]
[Date "2012.02.20"]
[Round "4.12"]
[White "Saito, Vinicius"]
[Black "Da Silva Junior, Sediney Mari"]
[Result "1/2-1/2"]
[WhiteElo "2042"]
[BlackElo "1962"]
[PlyCount "32"]
[EventDate "2012.02.18"]

1. c4 e5 2. Nc3 Nc6 3. g3 g6 4. Bg2 Bg7 5. d3 f5 6. e3 d6 7. Nge2 h6 8. Rb1 Nf6
9. b4 a6 10. a4 Rb8 11. b5 axb5 12. axb5 Ne7 13. Ba3 O-O 14. h4 Be6 15. Nd5
Nexd5 16. cxd5 Nxd5 1/2-1/2

[Event "Brasileiro de Jovens 2012 - Absoluto"]
[Site "Sao Paulo"]
[Date "2012.02.20"]
[Round "4.14"]
[White "Poeta, Caio Medeiros"]
[Black "Silva, Alexandre Freitas S"]
[Result "0-1"]
[WhiteElo "1931"]
[BlackElo "1840"]
[PlyCount "62"]
[EventDate "2012.02.18"]

1. d4 c6 2. c4 d5 3. Nc3 Nf6 4. Bf4 g6 5. Qd2 Bg7 6. Bh6 O-O 7. Bxg7 Kxg7 8. e3
Nbd7 9. f3 e5 10. dxe5 Nxe5 11. O-O-O Be6 12. cxd5 Nxd5 13. g4 f6 14. a3 Qb6
15. Nxd5 Bxd5 16. e4 Bb3 17. Re1 Rad8 18. Qc3 Rd4 19. f4 Rfd8 20. Be2 Nd3+ 21.
Kd2 Nxe1+ 22. Kxe1 Rxe4 23. Kf1 Rxf4+ 24. Nf3 Bd5 25. h3 Re8 26. Qd2 Qe3 27.
Qxe3 Rxe3 28. Kf2 Rxe2+ 29. Kg3 Rxf3+ 30. Kh4 g5+ 31. Kh5 Bf7# 0-1

[Event "Brasileiro de Jovens 2012 - Absoluto"]
[Site "Sao Paulo"]
[Date "2012.02.20"]
[Round "4.15"]
[White "Santana, Eduardo Rigonatti"]
[Black "Rogani, Bruno"]
[Result "1/2-1/2"]
[WhiteElo "1784"]
[BlackElo "1918"]
[PlyCount "118"]
[EventDate "2012.02.18"]

1. e4 e5 2. Nf3 Nc6 3. d4 exd4 4. Bc4 Nf6 5. e5 d5 6. Bb5 Nd7 7. O-O Be7 8. Re1
O-O 9. Bxc6 bxc6 10. Nxd4 Nb8 11. e6 c5 12. exf7+ Rxf7 13. Ne6 Bxe6 14. Rxe6
Qd7 15. Re5 Rf5 16. Rxf5 Qxf5 17. Nc3 c6 18. Qe2 Qf7 19. Bd2 Nd7 20. Re1 Rf8
21. Nd1 Bf6 22. Bf4 c4 23. Bg3 Bd4 24. Bd6 Rd8 25. Qg4 Re8 26. Rxe8+ Qxe8 27.
Kf1 Bb6 28. Qe2 Qf7 29. Qe7 Nf6 30. f3 Nh5 31. Nf2 Qxe7 32. Bxe7 Bd4 33. b3
cxb3 34. axb3 Nf4 35. Bd6 Ne6 36. Nd3 Bc3 37. Bc5 a6 38. Bf2 Bd4 39. Nb4 Bxf2
40. Kxf2 Nd4 41. Ke3 c5 42. Nxa6 Nxc2+ 43. Kd2 Nd4 44. Nxc5 Kf7 45. Kd3 Nf5 46.
g3 Ke7 47. Na4 Kd6 48. b4 Kc6 49. Nc3 h5 50. Ne2 Kd6 51. Nd4 Nh6 52. h3 g6 53.
g4 Ke5 54. Ke3 hxg4 55. hxg4 g5 56. b5 Nf7 57. b6 Nd8 58. Nb5 Nb7 59. Nd4 Nd8
1/2-1/2

[Event "Brasileiro de Jovens 2012 - Absoluto"]
[Site "Sao Paulo"]
[Date "2012.02.20"]
[Round "4.16"]
[White "Brandao, Renan Alves"]
[Black "Rodrigues, Fernanda Dos Santos"]
[Result "1-0"]
[WhiteElo "2096"]
[BlackElo "1902"]
[PlyCount "69"]
[EventDate "2012.02.18"]

1. d4 Nf6 2. Nf3 e6 3. g3 d5 4. Bg2 Be7 5. O-O O-O 6. c4 c6 7. Nbd2 Nbd7 8. Qc2
b6 9. Rd1 Ba6 10. b3 Qc7 11. e4 Rac8 12. e5 Ne8 13. h4 dxc4 14. bxc4 c5 15. Ba3
b5 16. cxb5 Bxb5 17. Qb2 Qb6 18. Nb3 Nc7 19. dxc5 Nxc5 20. Bxc5 Bxc5 21. Nxc5
Qxc5 22. Rac1 Qb6 23. Rd6 Qa5 24. Rc5 a6 25. Qc1 f6 26. a4 Qxa4 27. Rxc7 Rxc7
28. Qxc7 fxe5 29. Rd8 Be8 30. Qe7 h6 31. Qxe6+ Bf7 32. Rxf8+ Kxf8 33. Qd6+ Ke8
34. Nxe5 Qa1+ 35. Kh2 1-0

[Event "Brasileiro de Jovens 2012 - Absoluto"]
[Site "Sao Paulo"]
[Date "2012.02.20"]
[Round "4.18"]
[White "Araujo, Leonardo Augusto De"]
[Black "Dos Santos, Lucas Aparecido"]
[Result "1-0"]
[WhiteElo "1906"]
[BlackElo "1983"]
[PlyCount "61"]
[EventDate "2012.02.18"]

1. e4 c5 2. Nc3 d6 3. g3 Nc6 4. Bg2 g6 5. d3 Bg7 6. Nge2 e6 7. O-O Nge7 8. Be3
O-O 9. Qd2 Re8 10. Rac1 Rb8 11. Nd1 Ne5 12. h3 b5 13. Bh6 Bh8 14. Ne3 N5c6 15.
Bg5 Qa5 16. c3 b4 17. Ng4 Ne5 18. Nf6+ Bxf6 19. Bxf6 Nd7 20. Bg5 Nc6 21. Bh6
Qxa2 22. c4 Qa5 23. f4 Qc7 24. f5 Nde5 25. f6 Nd8 26. Bg7 Nd7 27. e5 dxe5 28.
Qh6 Qd6 29. Kh2 Bb7 30. Bxb7 Rxb7 31. Ng1 1-0

[Event "Brasileiro de Jovens 2012 - Absoluto"]
[Site "Sao Paulo"]
[Date "2012.02.20"]
[Round "4.19"]
[White "Ferreira, Marcone Fiuza"]
[Black "Takeda, Lucas Koji"]
[Result "0-1"]
[WhiteElo "1927"]
[BlackElo "1862"]
[PlyCount "86"]
[EventDate "2012.02.18"]

1. e4 c5 2. d4 cxd4 3. c3 dxc3 4. Nxc3 Nc6 5. Nf3 e6 6. Bc4 Nge7 7. O-O Ng6 8.
Bg5 f6 9. Be3 Be7 10. a3 a6 11. Qc2 b5 12. Ba2 O-O 13. Rfd1 Kh8 14. Bxe6 Qe8
15. Ba2 Nge5 16. Nxe5 fxe5 17. Nd5 Rb8 18. Nxe7 Nxe7 19. Bc5 Bb7 20. Qd3 Rc8
21. Bd6 Rf4 22. Bxe5 Rxe4 {(=)} 23. Qxd7 Re1+ 24. Rxe1 Qxd7 25. Be6 Qc6 26. Bh3
Ng6 27. Bg3 Rf8 28. Rac1 Qf6 29. Rc7 Bd5 30. Rd7 Bc4 31. Red1 Qxb2 32. Bg4 Be2
33. R7d2 Bxd1 34. Rxb2 Bxg4 35. f3 Be6 36. Rd2 Bc4 37. h4 Nf4 38. Kh2 Nd3 39.
Re2 a5 40. Re7 b4 41. axb4 axb4 42. Bd6 b3 43. Rb7 Ra8 {Partida ilegível} 0-1

[Event "Brasileiro de Jovens 2012 - Absoluto"]
[Site "Sao Paulo"]
[Date "2012.02.20"]
[Round "4.21"]
[White "Awoki, Daniel Teidi"]
[Black "Pereira, Andre Marques"]
[Result "1-0"]
[WhiteElo "1900"]
[BlackElo "1867"]
[PlyCount "89"]
[EventDate "2012.02.18"]

1. e4 e6 2. d4 d5 3. Nd2 Nf6 4. e5 Nfd7 5. Bd3 a6 6. c3 c5 7. Ne2 cxd4 8. cxd4
Nc6 9. O-O Qb6 10. Nf3 h6 11. Bb1 Be7 12. a3 Na5 13. b4 Nc4 14. Qd3 Qd8 15. Nd2
Ndb6 16. Nb3 Na4 17. Qg3 g5 18. f4 Bd7 19. fxg5 Bxg5 20. Nf4 Qe7 21. Nh5 O-O-O
22. Bd3 Bxc1 23. Raxc1 Bb5 24. Na5 Kb8 25. Nxc4 dxc4 26. Bxc4 Bxc4 27. Rxc4 Nb6
28. Rc2 Rxd4 29. Rcf2 Qg5 30. Qxg5 hxg5 31. Ng3 Nc4 32. Rxf7 Nxe5 33. Re7 Nc4
34. Rff7 Nd6 35. Rf3 Rh6 36. h3 Ka7 37. Rc3 Rc4 38. Rxc4 Nxc4 39. Ne4 Rg6 40.
Nc5 Nxa3 41. Rxb7+ Ka8 42. Rb6 Nc4 43. Rxa6+ Kb8 44. Rxe6 Rg7 45. Kf2 1-0

[Event "Brasileiro de Jovens 2012 - Absoluto"]
[Site "Sao Paulo"]
[Date "2012.02.20"]
[Round "5.1"]
[White "Devescovi Parreira, Pedro Paulo"]
[Black "Rodrigues, Tiago Pereira"]
[Result "0-1"]
[WhiteElo "2008"]
[BlackElo "2119"]
[PlyCount "166"]
[EventDate "2012.02.18"]

1. d4 Nf6 2. c4 c5 3. d5 e5 4. Nc3 d6 5. e4 Nbd7 6. Nf3 a6 7. Bd3 Be7 8. h3 h5
9. Be3 Nf8 10. Qd2 h4 11. a3 Ng6 12. b4 b6 13. Rb1 Nh5 14. Ne2 Bd7 15. Bc2 Qc8
16. O-O O-O 17. Kh2 Bd8 18. bxc5 bxc5 19. Nfg1 Rb8 20. Rxb8 Qxb8 21. g4 Nf6 22.
Nf3 Nh7 23. Ne1 Qb2 24. Qd3 Bg5 25. Nf3 Bf4+ 26. Bxf4 exf4 27. e5 dxe5 28. Rb1
e4 29. Rxb2 exd3 30. Bxd3 Re8 31. Kg2 Nhf8 32. Rb7 a5 33. Bxg6 fxg6 34. Nxf4
Ba4 35. Ng5 Bc2 36. Rc7 Re5 37. Nfe6 Nxe6 38. dxe6 Kf8 39. f4 Re3 40. Kf2 Rd3
41. Nh7+ Kg8 42. Rc8+ Kxh7 43. e7 Ba4 44. Rxc5 Kg8 45. Rxa5 Be8 46. Kg2 Kf7 47.
Re5 Rxa3 48. f5 g5 49. c5 Bd7 50. Re2 Ra8 51. Re3 Rc8 52. Rc3 Kxe7 53. Re3+ Kf6
54. Rd3 Bc6+ 55. Kf2 Rc7 56. Rd6+ Ke5 57. Ke3 Bg2 58. Re6+ Kd5 59. Rg6 Bxh3 60.
Rxg5 Ke5 61. Kf3 Bf1 62. Kf2 Bc4 63. Rh5 Kf4 64. Rxh4 Kg5 65. Rh7 Bb3 66. Kg3
Bd1 67. Rh5+ Kf6 68. Rh1 Bc2 69. Re1 Rxc5 70. Re6+ Kf7 71. Rg6 Bd1 72. Kh4 Bc2
73. Kg3 Rd5 74. Kh4 Bd1 75. Kg3 Rd4 76. Kh4 Bc2 77. Kg3 Rc4 78. Kh3 Ba4 79. Kh4
Rc6 80. Rg5 Rh6+ 81. Kg3 Kf6 82. Kf4 Be8 83. Rg6+ Rxg6 0-1

[Event "Brasileiro de Jovens 2012 - Absoluto"]
[Site "Sao Paulo"]
[Date "2012.02.20"]
[Round "5.2"]
[White "Quintiliano Pinto, Renato R"]
[Black "Bueno, Alfeu Junior Varela"]
[Result "1-0"]
[WhiteElo "2263"]
[BlackElo "2305"]
[PlyCount "95"]
[EventDate "2012.02.18"]

1. c4 e5 2. g3 Nc6 3. Bg2 f5 4. Nc3 Nf6 5. e3 Bb4 6. Nge2 O-O 7. O-O Bxc3 8.
Nxc3 d6 9. d4 Qe8 10. Rb1 Rb8 11. b4 Qf7 12. Nd5 exd4 13. exd4 Nxd5 14. Bxd5
Be6 15. Bxe6 Qxe6 16. d5 Qe4 17. Bb2 Nxb4 18. Bxg7 Kxg7 19. Rxb4 Rfe8 20. Qb3
a5 21. Ra4 b6 22. c5 Qe5 23. cxd6 cxd6 24. Qb5 Kg6 25. Ra3 Qd4 26. Qc6 Qf6 27.
Qb5 Qd4 28. Qc6 Qf6 29. Qb5 Re4 30. Rxa5 bxa5 31. Qxb8 Qe5 32. Qg8+ Kh6 33.
Qf8+ Kg6 34. Qg8+ Kh6 35. Qf8+ Kg6 36. Qg8+ Kh6 37. Rd1 Re1+ 38. Rxe1 Qxe1+ 39.
Kg2 Qe4+ 40. Kh3 Qf3 41. Qf8+ Kh5 42. Qe8+ Kg5 43. Qe7+ Kg6 44. Qxd6+ Kh5 45.
Qe5 Qxf2 46. Qf4 Qxa2 47. Qxf5+ Kh6 48. Qf6+ 1-0

[Event "Brasileiro de Jovens 2012 - Absoluto"]
[Site "Sao Paulo"]
[Date "2012.02.20"]
[Round "5.3"]
[White "Alvarenga De Carvalho, Miguel A"]
[Black "Mendonca, Mateus Nakajo"]
[Result "0-1"]
[WhiteElo "2062"]
[BlackElo "2158"]
[PlyCount "92"]
[EventDate "2012.02.18"]

1. e4 c5 2. Nf3 e6 3. d4 cxd4 4. Nxd4 Nc6 5. Nc3 d6 6. Be3 Nf6 7. Be2 Be7 8.
Qd2 a6 9. f4 O-O $1 10. O-O-O Nd7 11. g4 Nxd4 12. Bxd4 b5 13. a3 Bb7 14. g5 Rc8
15. h4 Nc5 16. Bf3 a5 17. Bxc5 Rxc5 18. Ne2 b4 19. axb4 axb4 20. Qxb4 Qc7 21.
Nc3 Rc4 22. Qb3 Rb8 23. Be2 Rc5 24. Qa4 Qb6 25. Rh3 Bc6 26. Qa6 Qxb2+ 27. Kd2
Bxe4 28. Nxe4 Qd4+ 29. Qd3 Rxc2+ 30. Ke1 Qg1+ 31. Bf1 Rbb2 32. Nd2 d5 33. Qe3
Qxe3+ 34. Rxe3 Bb4 35. Re2 Rc4 36. f5 Rxh4 37. fxe6 fxe6 38. Rxe6 Rd4 39. g6
hxg6 40. Re2 g5 41. Bg2 Kf7 42. Rf2+ Kg6 43. Bf3 g4 44. Bg2 Kg5 45. Bh1 g3 46.
Re2 Kg4 0-1

[Event "Brasileiro de Jovens 2012 - Absoluto"]
[Site "Sao Paulo"]
[Date "2012.02.20"]
[Round "5.4"]
[White "Carvalho, Rafael Cunha De"]
[Black "Cruz, William Ferreira Da"]
[Result "1/2-1/2"]
[WhiteElo "2053"]
[BlackElo "2152"]
[PlyCount "113"]
[EventDate "2012.02.18"]

1. Nf3 Nf6 2. c4 g6 3. Nc3 Bg7 4. d4 O-O 5. Bg5 d6 6. e3 h6 7. Bh4 g5 8. Bg3
Nh5 9. Be2 Nxg3 10. hxg3 c5 11. Qc2 e6 12. O-O-O cxd4 13. Nxd4 a6 14. f4 Nc6
15. Nxc6 bxc6 16. Ne4 Rb8 17. b3 Qb6 18. c5 dxc5 19. fxg5 c4 20. Bxc4 Qxe3+ 21.
Kb1 f5 22. gxf6 Bxf6 23. Nxf6+ Rxf6 24. Qb2 Kg7 25. Qa3 Rb7 26. Rhf1 Rbf7 27.
Rxf6 Rxf6 28. Qe7+ Rf7 29. Qe8 Qe4+ 30. Ka1 Qc2 31. Qd8 Bd7 32. Rh1 Qxg2 33.
Qh4 Qd2 34. Qg4+ Qg5 35. Qd4+ e5 36. Qd6 Qf6 37. Qxf6+ Rxf6 38. Bxa6 Rf3 39.
Rg1 e4 40. Be2 Rf2 41. Bc4 Kf6 42. a4 Ke5 43. a5 Be6 44. Bxe6 Kxe6 45. Rh1 e3
46. Re1 e2 47. Kb2 Kd6 48. b4 Rf3 49. Rxe2 Rxg3 50. Rh2 Rg6 51. Rh5 Kc7 52. Kb3
Kb7 53. b5 cxb5 54. Rxb5+ Ka6 55. Rh5 Kb7 56. Kc4 Kc6 57. Kd4 1/2-1/2